00348 2200145 4500001002100000005001500021035002000036245005400056100001300110300001200123260003300135082000800168084001400176990001200190INLIS00000000000181520250506113430 a0010-05250001071 aAneka Resep Masakan Kuliner Nusantara /cFitriani0 aFitriani a128 hlm aJakarta :bBintang Indonesia a600 a600 FIT a a0754741